000 01228pab a2200169 454500
008 180718b2004 xxu||||| |||| 00| 0 eng d
100 _aNigam, Aditya
245 _aA text without author: locating Constituent Assembly as event
260 _c2004
300 _ap.2107-113.
362 _a22 May
520 _aConstitutions are rarely about change; they are codes that legitimise the new dispensation that arises out of historical conflicts and struggles. They provide a quasi-permanent shape to the new regime. In this sense, constitutions are already in existence even before they come to be formally written. The Indian Constitution too can be looked at in a similar light if it is 'disclosed' from the authorised location that brought it into existence, i.e. the constituent assembly. This paper looks at the constituent assembly as an 'even' in the hope of understanding how different currents and polyphonic voices came together in the forming of the conjucture within which the assembly took shape - as demanded by the imperatives of the common territory, tradition and history. - Reproduced.
650 _aIndia - Constitution
650 _aConstitutions
773 _aEconomic and Political Weekly
909 _a60534
999 _c60534
_d60534